[Event "Challenge"]
[Site "http://www.queenalice.com/game.php?id=6134"]
[Date "2005.3.2"]
[Round "-"]
[White "MortalTiger"]
[Black "altair"]
[Result "0-1"]
[WhiteElo "1233"]
[BlackElo "1632"]

1. c4 e5 2. g3 Bc5 3. Qa4 Qf6 4. Nf3 e4 5. Nh4 Qxf2+ 6. Kd1 b6 7. Bh3 Nc6 8. Nc3
Bd4 9. Nxe4 Nge7 10. Nxf2 Bxf2 11. d3 Bb7 12. Rf1 Bd4 13. e3 Bf6 14. Rf4 Ng8 15.
Re4+ Nge7 16. Nf5 O-O 17. d4 Rfe8 18. d5 Ne5 19. Bd2 Nf3 20. Qxd7 Kf8 21. Bg4
Ng5 22. Rf4 g6 23. Bf3 gxf5 24. Bh5 Be5 25. Rh4 Ne4 26. Qxc7 Bxc7 27. a4 Ng6 28.
Bb4+ Bd6 29. c5 bxc5 30. Ba3 Nxh4 31. g4 Bxd5 32. Ke2 Bxh2 33. Rd1 Bc4+ 34. Ke1
Ng2# 0-1

[Event "Challenge"]
[Site "http://www.queenalice.com/game.php?id=6138"]
[Date "2005.3.2"]
[Round "-"]
[White "PetterFrank"]
[Black "MortalTiger"]
[Result "0-1"]
[WhiteElo "1100"]
[BlackElo "1100"]

1. Nf3 e6 2. d4 Bb4+ 3. c3 Ba5 4. Qa4 b6 5. Bg5 f6 6. Bf4 b5 7. Qxa5 Nc6 8. Qxb5
Rb8 9. Qc5 Nh6 10. g4 Nxg4 11. Rg1 h5 12. Qxa7 Nxa7 13. Rg3 g5 14. Bd2 Rxb2 15.
h4 d6 16. hxg5 Bd7 17. Bc1 Rc2 18. Kd1 Ba4 19. Nfd2 Nxf2+ 20. Ke1 Nh1 21. Rh3
Rxc1# 0-1

[Event "Challenge"]
[Site "http://www.queenalice.com/game.php?id=6674"]
[Date "2005.3.11"]
[Round "-"]
[White "Malc"]
[Black "MortalTiger"]
[Result "0-1"]
[WhiteElo "1171"]
[BlackElo "1030"]

1. e4 e5 2. Nf3 f6 3. d4 Bb4+ 4. c3 Ba5 5. b4 b6 6. bxa5 bxa5 7. Qa4 c6 8. Ba3
Nh6 9. Bc4 Ng4 10. dxe5 d6 11. O-O h5 12. Qxc6+ Nxc6 13. Rd1 Rh6 14. Rxd6 Bd7
15. e6 Qc7 16. Nbd2 Qb6 17. Rb1 Qxf2 18. Kh1 Qe3 19. exd7 Kd8 20. Re1 Nf2+ 21.
Kg1 Nh3+ 22. Kf1 Qf2# 0-1

[Event "Challenge"]
[Site "http://www.queenalice.com/game.php?id=6682"]
[Date "2005.3.11"]
[Round "-"]
[White "MortalTiger"]
[Black "PetterFrank"]
[Result "0-1"]
[WhiteElo "1233"]
[BlackElo "910"]

1. Nf3 Nc6 2. d4 d5 3. Nc3 Nf6 4. e3 e6 5. Nb5 a6 6. Nc3 Nh5 7. b3 Qf6 8. Qd3
Nb4 9. Qd2 c6 10. a3 Nd3+ 11. Qxd3 Qd8 12. g4 Nf6 13. Ng5 h6 14. Nf3 Nxg4 15.
Rg1 Nf6 16. Rg4 Nxg4 17. h3 Nf6 18. a4 Qd6 19. a5 Qc7 20. b4 b5 21. Ne5 g6 22.
Ba3 Ng8 23. Bg2 Nf6 24. Rd1 g5 25. h4 Rg8 26. f4 gxh4 27. Kf1 Rg3 28. Qh7 h3 29.
Rd2 Rxe3 30. Bc1 Rxc3 31. Qg6 fxg6 0-1

[Event "Challenge"]
[Site "http://www.queenalice.com/game.php?id=8201"]
[Date "2005.3.30"]
[Round "-"]
[White "MortalTiger"]
[Black "SMaur"]
[Result "0-1"]
[WhiteElo "1087"]
[BlackElo "1215"]

1. g4 e5 2. Nf3 e4 3. Nd4 d5 4. d3 Bxg4 5. h3 Bh5 6. h4 Bc5 7. Nf5 Qf6 8. Bh3
Ne7 9. Bg5 Qxb2 10. Bf4 Nxf5 11. Bxf5 Qxa1 12. Bxc7 O-O 13. Nd2 Qxd1+ 14. Kxd1
Bxf2 15. dxe4 dxe4 16. Bxe4 Nc6 17. Rh2 Be3 18. Nc4 Bf4 19. Bxf4 Rad8+ 20. Bd6
Rfe8 21. Bd5 b5 22. Rf2 bxc4 23. Bxc6 Rxd6+ 24. Kc1 Rxc6 25. Rf5 Bxe2 26. Ra5 c3
27. Kb1 Bc4 28. Ra3 Re1# 0-1

[Event "Challenge"]
[Site "http://www.queenalice.com/game.php?id=8203"]
[Date "2005.3.30"]
[Round "-"]
[White "MortalTiger"]
[Black "PetterFrank"]
[Result "0-1"]
[WhiteElo "1088"]
[BlackElo "1083"]

1. d4 d5 2. e3 e6 3. Bb5+ c6 4. Ba4 Nf6 5. c3 Bd6 6. Nf3 O-O 7. Ng5 Qd7 8. b4 h6
9. Nf3 b5 10. Bc2 Qd8 11. Qd3 Nbd7 12. Qh7+ Nxh7 13. Nbd2 Ng5 14. h4 Nxf3+ 15.
gxf3 Qb6 16. Rg1 e5 17. f4 exf4 18. Nf3 fxe3 19. Bxe3 f6 20. h5 Qd8 21. Nh4 Qe8
22. Kd2 Nb6 23. Bxh6 Rf7 24. Rae1 Be6 25. Nf5 Qd7 26. Nxg7 Bg4 27. Bf5 Nc4+ 28.
Kc2 Bxf5+ 29. Nxf5+ Kh7 30. Rg7+ Rxg7 31. Bxg7 Qxf5+ 32. Kb3 Kxg7 33. Rh1 Qxf2
34. h6+ Kf7 35. h7 Qb2# 0-1

[Event "Challenge"]
[Site "http://www.queenalice.com/game.php?id=8214"]
[Date "2005.3.30"]
[Round "-"]
[White "MortalTiger"]
[Black "PetterFrank"]
[Result "1-0"]
[WhiteElo "1098"]
[BlackElo "1151"]

1. b4 e5 2. e4 Nc6 3. Ba3 a5 4. c3 Nf6 5. Nf3 Qe7 6. b5 d6 7. bxc6 bxc6 8. d3
Qe6 9. Qd2 c5 10. Ng5 h6 11. Nxe6 Bxe6 12. c4 Nh5 13. Be2 Nf4 14. Qb2 Nxg2+ 15.
Kd1 Be7 16. Qb7 Rd8 17. Rg1 Nh4 18. Rxg7 Kf8 19. Rg3 Rg8 20. Qxc7 Ng6 21. Qxa5
Nf4 22. Nc3 h5 23. Kc2 h4 24. Rgg1 Rg2 25. Rab1 Rxf2 26. Rb7 Bd7 27. Kb1 h3 28.
Qa7 Rxh2 29. Rxd7 Re8 30. Bc1 Rg2 31. Rf1 Nxe2 32. Kb2 Nf4+ 33. Ka3 Nxd3 34.
Bh6+ Kg8 35. Rxe7 Rxe7 36. Qxe7 h2 37. Qxf7+ Kh8 38. Qf3 Rg1 39. Be3 h1=Q 40.
Qxh1+ Rxh1 41. Rxh1+ Kg7 42. Ka4 Nb2+ 43. Ka5 Nxc4+ 44. Kb5 Nxe3 45. a4 Nf5 46.
Nd5 Nd4+ 47. Kb6 c4 48. Rc1 Ne2 49. Rxc4 Kf7 50. a5 Ke8 51. a6 Nd4 52. a7 Kd7
53. a8=Q Nc6 54. Rxc6 Ke6 55. Qf8 Kd7 56. Rc7+ 1-0

[Event "Challenge"]
[Site "http://www.queenalice.com/game.php?id=8395"]
[Date "2005.3.31"]
[Round "-"]
[White "MortalTiger"]
[Black "sutra"]
[Result "0-1"]
[WhiteElo "1016"]
[BlackElo "1647"]

1. e4 e6 2. c3 d5 3. e5 c5 4. d3 Qc7 5. Bf4 f6 6. Qa4+ Bd7 7. Qb3 fxe5 8. Bg3
Bd6 9. Bh4 Ne7 10. Ne2 O-O 11. f3 Ng6 12. Bg5 Nc6 13. Na3 Be7 14. Be3 d4 15.
cxd4 exd4 16. Nb5 Na5 17. Qa4 Bxb5 18. Qxb5 dxe3 19. g3 Rxf3 20. b4 Ne5 21. Rc1
a6 22. Qa4 Nxd3+ 23. Kd1 Nb2+ 24. Kc2 Nxa4 25. Bg2 cxb4+ 26. Kb1 Qe5 27. Bxf3
Qb2# 0-1

[Event "Challenge"]
[Site "http://www.queenalice.com/game.php?id=8468"]
[Date "2005.4.1"]
[Round "-"]
[White "MortalTiger"]
[Black "Mowgli"]
[Result "0-1"]
[WhiteElo "1152"]
[BlackElo "1700"]

1. e4 c5 2. b4 b6 3. c3 e6 4. g3 d6 5. Bg2 Bb7 6. Na3 Nf6 7. Qc2 Nbd7 8. Nc4 Be7
9. Nf3 Bxe4 10. d3 Bb7 11. Rg1 O-O 12. Ng5 Bxg2 13. Rxg2 d5 14. Ne3 cxb4 15. Qb3
Nc5 16. Qc2 bxc3 17. Qxc3 d4 18. Qc4 dxe3 19. Bxe3 Nxd3+ 20. Ke2 Nc5 21. Qc2 Rc8
22. g4 Nce4 23. Qa4 Nxg5 24. Bxg5 Qd5 25. Qf4 Qxg2 26. Qg3 Qxg3 27. hxg3 Rfd8
28. Kf3 Rd2 29. Bxd2 Rc2 30. Bf4 Bc5 31. Rd1 Nd5 32. g5 f5 33. Bb8 Rxf2# 0-1

[Event "Challenge"]
[Site "http://www.queenalice.com/game.php?id=8501"]
[Date "2005.4.1"]
[Round "-"]
[White "MortalTiger"]
[Black "franckscarduelli"]
[Result "0-1"]
[WhiteElo "1148"]
[BlackElo "1300"]

1. e4 Nc6 2. Bb5 Ne5 3. d4 Ng4 4. Qxg4 c6 5. Bd3 Nf6 6. Qg3 Qa5+ 7. Bd2 Qb6 8.
Qe3 Qxb2 9. e5 Nd5 10. Qe2 Qxa1 11. Qd1 Qxd4 12. Bc3 Nxc3 13. Nxc3 Qxc3+ 14. Qd2
Qxe5+ 15. Kd1 Qa1+ 0-1

[Event "Challenge"]
[Site "http://www.queenalice.com/game.php?id=8633"]
[Date "2005.4.2"]
[Round "-"]
[White "MortalTiger"]
[Black "bm2099"]
[Result "0-1"]
[WhiteElo "1116"]
[BlackElo "1100"]

1. d4 Nc6 2. Nf3 d5 3. h3 Bf5 4. Nc3 e6 5. h4 Nh6 6. Ng5 Qe7 7. g4 Nxg4 8. Nb5
Qb4+ 9. Nc3 f6 10. a3 Qxd4 11. Bd2 Qxf2# 0-1

[Event "AUTO-INT-04"]
[Site "http://www.queenalice.com/game.php?id=8845"]
[Date "2005.4.4"]
[Round "1"]
[White "SMaur"]
[Black "MortalTiger"]
[Result "1-0"]
[WhiteElo "1392"]
[BlackElo "1063"]

1. e4 e5 2. Nf3 Bd6 3. Nc3 Qf6 4. Nd5 Qf5 5. exf5 c6 6. Nc3 Nh6 7. d4 Nxf5 8.
dxe5 Bb4 9. Bd3 Nh6 10. O-O a5 11. Bxh6 gxh6 12. Bf5 Ra6 13. Ne4 Rg8 14. Nf6+
Kf8 15. Nxg8 Kxg8 16. Qd3 Kg7 17. a3 Be7 18. Qd4 c5 19. Qg4+ Rg6 20. Bxg6 hxg6
21. b4 Nc6 22. b5 Na7 23. a4 d6 24. Qe4 d5 25. Qxd5 Be6 26. Qxb7 Nc8 27. b6 Nxb6
28. Qxe7 Bc4 29. Rfd1 Nc8 30. Qc7 Be6 31. Rd8 g5 32. h4 Kg6 33. Rxc8 Bxc8 34.
Qxc8 Kh5 35. g4+ Kg6 36. Qg8# 1-0

[Event "AUTO-INT-04"]
[Site "http://www.queenalice.com/game.php?id=8846"]
[Date "2005.4.4"]
[Round "1"]
[White "MortalTiger"]
[Black "SMaur"]
[Result "0-1"]
[WhiteElo "1063"]
[BlackElo "1357"]

1. e4 e5 2. Nf3 Nc6 3. Bc4 Nf6 4. d3 Bc5 5. Bg5 d6 6. Nc3 O-O 7. O-O Bg4 8. Nd5
h6 9. Bxf6 gxf6 10. Qd2 Bxf3 11. gxf3 Kh7 12. Kh1 Rg8 13. a4 a5 14. f4 Qd7 15.
f5 Nd4 16. Nxf6+ Kh8 17. Nxd7 Rg5 18. Bxf7 Rd8 19. Nf6 Rf8 20. Rae1 Nf3 21. Qxa5
Nxe1 22. Rxe1 Rxf7 23. Ne8 Rf8 24. b4 Bd4 25. Nxc7 Rfg8 26. f6 Bxf2 27. Rf1 Rg1+
28. Rxg1 Rxg1# 0-1

[Event "AUTO-INT-04"]
[Site "http://www.queenalice.com/game.php?id=8857"]
[Date "2005.4.4"]
[Round "1"]
[White "defencepetrov"]
[Black "MortalTiger"]
[Result "1-0"]
[WhiteElo "1100"]
[BlackElo "1048"]

1. e4 e5 2. Nf3 d6 3. d4 Qf6 4. dxe5 dxe5 5. Bg5 Qd6 6. Nbd2 f6 7. Be3 Bf5 8.
exf5 h6 9. Nh4 g5 10. fxg6 Bg7 11. Nf5 Qd7 12. Bd3 Nc6 13. Ne4 Qxf5 14. Nd6+
cxd6 15. Bxf5 Nge7 16. Be6 e4 17. Bf7+ Kd8 18. Qxd6+ Kc8 19. Be6# 1-0

[Event "AUTO-INT-04"]
[Site "http://www.queenalice.com/game.php?id=8858"]
[Date "2005.4.4"]
[Round "1"]
[White "MortalTiger"]
[Black "defencepetrov"]
[Result "0-1"]
[WhiteElo "1027"]
[BlackElo "1216"]

1. e4 e5 2. Qf3 Nf6 3. Qf5 d5 4. Qxe5+ Be7 5. exd5 O-O 6. Nf3 Re8 7. Ng5 Nbd7 8.
Qf5 Nb6 9. Qf3 Nbxd5 10. Bc4 Bc5+ 11. Kf1 Bg4 12. Qf4 Nxf4 13. Nxf7 Be2+ 14. Ke1
Bxc4+ 15. Kd1 Kxf7 16. Nc3 Bxf2 17. d3 Nxd3 18. cxd3 Qxd3+ 19. Bd2 Ne4 20. Re1
Qxd2# 0-1

[Event "AUTO-INT-04"]
[Site "http://www.queenalice.com/game.php?id=8863"]
[Date "2005.4.4"]
[Round "1"]
[White "EduardoMiller"]
[Black "MortalTiger"]
[Result "0-1"]
[WhiteElo "1086"]
[BlackElo "1006"]

1. e4 e5 2. f3 Bc5 3. d4 Bxd4 4. Nh3 b6 5. c3 Bc5 6. b4 Bd6 7. Na3 Qh4+ 8. g3
Qh5 9. g4 Qh4+ 10. Ke2 a5 11. bxa5 bxa5 12. Nb5 Ba6 13. c4 Nf6 14. Nxd6+ cxd6
0-1

[Event "AUTO-INT-04"]
[Site "http://www.queenalice.com/game.php?id=8864"]
[Date "2005.4.4"]
[Round "1"]
[White "MortalTiger"]
[Black "EduardoMiller"]
[Result "1-0"]
[WhiteElo "1027"]
[BlackElo "1061"]

1. e4 e5 2. Nf3 f6 3. Bc4 Nh6 4. b3 Nc6 5. Nc3 a6 6. O-O Bc5 7. d3 Na5 8. Na4 b6
9. Rb1 Bd6 10. Nh4 Nxc4 11. bxc4 b5 12. Nc3 g5 13. Qh5+ Ke7 14. Qxh6 1-0

[Event "Challenge"]
[Site "http://www.queenalice.com/game.php?id=9030"]
[Date "2005.4.6"]
[Round "-"]
[White "MortalTiger"]
[Black "PetterFrank"]
[Result "0-1"]
[WhiteElo "1152"]
[BlackElo "1088"]

1. e4 e5 2. Nf3 d6 3. Bb5+ c6 4. Ba4 Nf6 5. d3 Bg4 6. Bb3 Nbd7 7. Bxf7+ Kxf7 8.
c4 Qb6 9. Qa4 Nc5 10. Ng5+ Ke8 11. Qc2 h6 12. Be3 hxg5 13. O-O Be7 14. Nc3 Be6
15. Na4 Qb3 16. axb3 Nxa4 17. bxa4 Kd7 18. Bxg5 Ng4 19. Bc1 Rxh2 20. f3 Rah8 21.
g3 Rh1+ 22. Kg2 R8h2# 0-1

[Event "Challenge"]
[Site "http://www.queenalice.com/game.php?id=9099"]
[Date "2005.4.7"]
[Round "-"]
[White "MortalTiger"]
[Black "PetterFrank"]
[Result "0-1"]
[WhiteElo "1069"]
[BlackElo "1137"]

1. e4 e5 2. Nf3 d6 3. Bb5+ Bd7 4. Bc4 a6 5. Na3 Qf6 6. Bd5 Qg6 7. Rg1 c6 8. Nh4
Qh6 9. g3 g5 10. Nf3 Be7 11. Nc4 Bg4 12. Nb6 Qf6 13. c3 Bxf3 14. Qa4 Ra7 15. h4
gxh4 16. Nc8 Ra8 17. Qb4 Nd7 18. Qxb7 Rxc8 19. Qxc8+ Bd8 20. Bxc6 Kf8 21. Bxd7
Nh6 22. gxh4 Rg8 23. Rxg8+ Kxg8 24. d4 exd4 25. Kd2 Bxe4 26. b4 Ng4 27. Bb2
Qxf2+ 28. Kd1 Ne3+ 29. Kc1 Qe1# 0-1

[Event "Challenge"]
[Site "http://www.queenalice.com/game.php?id=9751"]
[Date "2005.4.14"]
[Round "-"]
[White "tecnologoemsaude"]
[Black "MortalTiger"]
[Result "1-0"]
[WhiteElo "1037"]
[BlackElo "1003"]

1. e4 e5 2. Qf3 Nf6 3. c4 d6 4. b3 Nc6 5. Bb2 Bg4 6. Qg3 g6 7. h3 Bh5 8. Na3
Nxe4 9. Qe3 f5 10. d3 Nc5 11. b4 Na4 12. Bc1 Nxb4 13. Qd2 d5 14. Rb1 Nc6 15.
cxd5 Bxa3 16. Bxa3 Qxd5 17. Rc1 e4 18. Rc4 Nb6 19. Rc5 Qe6 20. Bb2 exd3+ 21. Qe3
Nd8 22. Re5 f4 23. Qxd3 Qxe5+ 24. Bxe5 Rf8 25. g4 Bxg4 26. hxg4 g5 27. Rxh7 Ne6
28. Qb3 Rd8 29. Qxe6# 1-0

[Event "Challenge"]
[Site "http://www.queenalice.com/game.php?id=10309"]
[Date "2005.4.19"]
[Round "-"]
[White "domingos"]
[Black "MortalTiger"]
[Result "0-1"]
[WhiteElo "1100"]
[BlackElo "1045"]

1. e4 e5 2. Nc3 c6 3. d3 Nf6 4. Nf3 Bb4 5. Be3 b5 6. Nxe5 d6 7. Nf3 Ng4 8. Bd4
c5 9. Be3 Qf6 10. Qd2 Kf8 11. a3 Ba5 12. b4 cxb4 13. axb4 Bxb4 14. d4 Bb7 15.
Qd3 a6 16. h3 Nh6 17. Be2 Qg6 18. O-O Bc8 19. Rfb1 Bxh3 20. Ng5 f6 21. Nxh3 Nc6
22. Nf4 Qf7 23. Ncd5 Ba5 24. c3 g5 25. Nh5 Re8 26. Ndxf6 Qe6 27. d5 Qe5 28. Nxe8
Qxe8 0-1